Rozpoznaj grę po recenzji Steam #13 - Statystyki

Ogólne statystyki
  • Ten quiz został rozwiązany 17 razy
  • Średni wynik to 7 z 20
Statystyki odpowiedzi
Recenzja Tytuł gry % Poprawnych
zwaliłem do Harley Quinn polecam Batman™: Arkham Knight
77%
Moje marzenie o haremie demonodziewczynek się spełniło 37/21 Helltaker
69%
Max to generalnie dobre selfie robi. Life is Strange™
62%
wiedzmin 3 dzika grecja Assassin's Creed Odyssey
54%
Najpierw serwery w*&#@!)o a teraz przez 10 minut królik Bugs tańczy jakiegoś Kujawiaka i końca nie widać xD MultiVersus
54%
TRZY OSOBY ZROBIŁY LEPSZEGO BATTLEFIELDA NIŻ WIELOMILIONOWA KORPORACJA. NAJLEPSZA GRA 2023 ROKU. BattleBit Remastered
46%
dostałem kosza NBA 2K24
46%
Jeśli dziś jadłeś chleb i w to zagrasz, to prawdopodobnie wrócisz się do kuchni i spojrzysz na swój bochenek chleba to włożysz go do stalowej klatki, zamkniesz na 4 kłódki i wyniesiesz do piwnicy. Przynajmniej Ja tak zrobiłem, piękna gra I Am Bread
38%
Można zabijać bossów mydłem. Czy trzeba więcej mówić? DUSK
31%
super gra ale szkoda że w 1 części nie można mieć dzieciaczków. ciekawi mnie w takim razie po co komu żona która i tak nic nie robi poza chodzeniem w kółko miasteczka i zachwycaniem sie nami (chce ciągle prezenty i komplementy ps. zbankrutuje przez tą kurewke). Fable Anniversary
31%
Płacisz 6,99 euro za grę, w której masz 10005001009000 innych gier. Garry's Mod
31%
Zbyt chaotyczna jak na skradanke , ponadto nazwałbym ją uboższą wersją Assasin Creeda , osobiście się zawiodłem. Dishonored
23%
Hollow Knight z anime dziewczynką ENDER LILIES: Quietus of the Knights
23%
Bardzo dobry symulator stania w kolejce, polecam! Lost Ark
23%
Niekonwencjonalne podejście do kwestii sterowania. Piękna, baśniowa oprawa gaficzna, wspaniała ścieżka dźwiękowa i ta historia. Gra wzbudza szerokie spektrum emocji i na długo pozostaje w pamięci. Brothers - A Tale of Two Sons
15%
W cenie 239 zł mogę być beta testerem. Dziękuję relic za możliwość gry w wersji beta. Kiedy premiera gotowej wersji gry? Company of Heroes 3
15%
Pomimo mylnego tytułu gra nie jest o mordowaniu psów także proszę się nie bać i grać śmiałoxD MORDHAU
15%
naciągnąłem nie tą skórkę co trzeba było, strasznie naprężyłem przyrodzenie. Banana
8%
Nie dość, że gra piękna wizualnie, klimatyczna i świetnie udźwiękowiona to jeszcze można se kiełbasą porzucać. Little Nightmares
0%
Najlepszy symulator picia sody w jaki grałem. Do boju rzufie! Starbound
0%
Nie znaleziono quizów pasujących do podanych kryteriów
Rozkład punktacji
Procent ludzi z każdym wynikiem
Percentyl według liczby udzielonych odpowiedzi
Twoja historia wyników
Nie rozwiązałeś tego quizu